[Event "Dhaka Sheikh Russel op"]
[Site "Dhaka"]
[Date "2021.10.27"]
[Round "9"]
[White "Savchenko, Stanislav"]
[Black "Rahman, Md Taibur"]
[Result "1-0"]
[WhiteElo "2473"]
[BlackElo "2223"]
[PlyCount "73"]
[EventDate "2021.10.19"]
[EventType "swiss"]
[EventRounds "9"]
[EventCountry "BAN"]
[SourceTitle "EXT 2023"]
[Source "ChessBase"]
[SourceDate "2022.10.05"]
[SourceVersion "1"]
[SourceVersionDate "2022.10.05"]
[SourceQuality "1"]

1. Nf3 d5 2. d4 Nf6 3. c4 e6 4. Nc3 c5 5. cxd5 cxd4 6. Qxd4 exd5 7. e4 Nc6 8. Bb5 dxe4 9. Qxd8+ Kxd8 10. Ng5 Be6 11. Bxc6 bxc6 12. Nxe6+ fxe6 13. Ke2 Bb4 14. Rd1+ Ke7 15. Na4 Rhd8 16. Rxd8 Rxd8 17. Be3 a6 18. Rc1 Rc8 19. Rc4 Bd6 20. h3 h6 21. Nb6 Rc7 22. Ra4 Nd5 23. Rxa6 g5 24. Nc4 Bf4 25. Bc5+ Kf6 26. g3 Be5 27. Ra8 Rf7 28. Rh8 Rb7 29. Rf8+ Kg7 30. Nxe5 Rxb2+ 31. Ke1 Rb1+ 32. Kd2 Rb2+ 33. Kc1 Rxa2 34. Rf7+ Kg8 35. Ra7 Re2 36. Ng6 e5 37. Bd6 1-0

[Event "Dhaka Sheikh Russel op"]
[Site "Dhaka"]
[Date "2021.10.26"]
[Round "8"]
[White "Alinasab, Mobina"]
[Black "Savchenko, Stanislav"]
[Result "1-0"]
[WhiteElo "2309"]
[BlackElo "2473"]
[PlyCount "51"]
[EventDate "2021.10.19"]
[EventType "swiss"]
[EventRounds "9"]
[EventCountry "BAN"]
[SourceTitle "EXT 2023"]
[Source "ChessBase"]
[SourceDate "2022.10.05"]
[SourceVersion "1"]
[SourceVersionDate "2022.10.05"]
[SourceQuality "1"]

1. e4 c5 2. Nf3 d6 3. d4 cxd4 4. Nxd4 Nf6 5. Nc3 a6 6. Be3 e5 7. Nf3 Qc7 8. Be2 Be7 9. a4 0-0 10. 0-0 Be6 11. a5 Nbd7 12. Ng5 Bc4 13. Ra4 Bxe2 14. Qxe2 Rac8 15. Rd1 Rfe8 16. h3 Qc6 17. Nf3 Bf8 18. Rd3 Nxe4 19. Rxe4 Nf6 20. Ng5 Nxe4 21. Ncxe4 h6 22. Qh5 Qd7 23. Nh7 Kxh7 24. Bxh6 Re6 25. Bxg7+ Kxg7 26. Qg4+ 1-0

[Event "Dhaka Sheikh Russel op"]
[Site "Dhaka"]
[Date "2021.10.23"]
[Round "5"]
[White "Savchenko, Stanislav"]
[Black "Harikrishnan, A."]
[Result "0-1"]
[WhiteElo "2473"]
[BlackElo "2429"]
[PlyCount "73"]
[EventDate "2021.10.19"]
[EventType "swiss"]
[EventRounds "9"]
[EventCountry "BAN"]
[SourceTitle "CBM 204 Extra"]
[Source "ChessBase"]
[SourceDate "2021.11.30"]
[SourceVersion "1"]
[SourceVersionDate "2021.11.30"]
[SourceQuality "1"]

1. Nf3 d5 2. d4 Nf6 3. c4 c6 4. e3 e6 5. Bd3 dxc4 6. Bxc4 b5 7. Bd3 Nbd7 8. e4 h6 9. 0-0 Bb7 10. e5 Nd5 11. Nc3 N7b6 12. Ne4 a6 13. Bd2 Rc8 14. Rc1 Na4 15. Rc2 Nb4 16. Bxb4 Bxb4 17. Nc5 Nxc5 18. dxc5 Qd5 19. Qe2 Qxa2 20. Qe4 a5 21. Qg4 Kf8 22. Be4 Rd8 23. Qf4 Rd7 24. g4 Ke8 25. g5 Qb3 26. Nd2 hxg5 27. Qxg5 Qh3 28. Nf3 Bd2 29. Qg3 Qxg3+ 30. fxg3 Be3+ 31. Kg2 Ke7 32. Re1 Bh6 33. g4 Bf4 34. g5 g6 35. h4 Rhd8 36. b3 Rd1 37. Ree2 0-1

[Event "Dhaka Sheikh Russel op"]
[Site "Dhaka"]
[Date "2021.10.22"]
[Round "4"]
[White "Abdyjapar, Asyl"]
[Black "Savchenko, Stanislav"]
[Result "0-1"]
[WhiteElo "2391"]
[BlackElo "2473"]
[PlyCount "80"]
[EventDate "2021.10.19"]
[EventType "swiss"]
[EventRounds "9"]
[EventCountry "BAN"]
[SourceTitle "CBM 204 Extra"]
[Source "ChessBase"]
[SourceDate "2021.11.30"]
[SourceVersion "1"]
[SourceVersionDate "2021.11.30"]
[SourceQuality "1"]

1. c4 e5 2. g3 Nc6 3. Bg2 Bc5 4. Nc3 a6 5. e3 d6 6. Nge2 Ba7 7. 0-0 h5 8. h3 h4 9. g4 f5 10. gxf5 Bxf5 11. d4 Qd7 12. Kh2 Nf6 13. d5 Nd8 14. e4 Bg6 15. f4 Nf7 16. f5 Bh5 17. Qd3 Qe7 18. b4 g6 19. fxg6 Bxg6 20. Be3 Bxe3 21. Qxe3 Nh5 22. c5 Qg5 23. Qxg5 Nxg5 24. a4 b6 25. Rac1 Kd7 26. a5 b5 27. Nb1 Nxe4 28. Bxe4 Bxe4 29. Rf7+ Ke8 30. Rxc7 Rg8 31. Rg1 Rxg1 32. Kxg1 Bxb1 33. cxd6 Rd8 34. Rc6 Bd3 35. Nc1 Bc4 36. Rxa6 Kd7 37. Kf2 Nf4 38. Ke3 Nxd5+ 39. Ke4 Nxb4 40. Rb6 Ke6 0-1

[Event "Odessa Galakhov Memorial"]
[Site "Odessa"]
[Date "2018.12.23"]
[Round "4"]
[White "Golubev, Mikhail"]
[Black "Savchenko, Stanislav"]
[Result "1/2-1/2"]
[WhiteElo "2479"]
[BlackElo "2461"]
[PlyCount "73"]
[EventDate "2018.12.23"]
[EventType "tourn (blitz)"]
[EventRounds "11"]
[EventCountry "UKR"]
[EventCategory "7"]
[SourceTitle "CBM 188 Extra"]
[Source "ChessBase"]
[SourceDate "2019.02.26"]
[SourceVersion "1"]
[SourceVersionDate "2019.02.26"]
[SourceQuality "1"]

1. e4 e6 2. d4 d5 3. Nc3 Nc6 4. Nf3 Nf6 5. e5 Ne4 6. Bd3 Bb4 7. 0-0 Nxc3 8. bxc3 Be7 9. Qe2 b6 10. c4 Nb4 11. cxd5 exd5 12. Bb5+ c6 13. Ba3 cxb5 14. Bxb4 Bd7 15. e6 Bxe6 16. Bxe7 Qxe7 17. Qxb5+ Qd7 18. Qb4 Qe7 19. Qb5+ Qd7 20. Qb4 f6 21. a4 Kf7 22. a5 Rab8 23. axb6 Rxb6 24. Qa5 Rb7 25. Nd2 Qc7 26. Nb3 Qxa5 27. Rxa5 Rc8 28. Nc5 Re7 29. Rfa1 Rcc7 30. h3 h5 31. Nxe6 Kxe6 32. Re1+ Kf7 33. Rxe7+ Kxe7 34. Rxd5 Rxc2 35. Ra5 Rc1+ 36. Kh2 Rc7 37. Ra6 1/2-1/2

[Event "Runavik op"]
[Site "Runavik"]
[Date "2017.11.22"]
[Round "3"]
[White "Bjerre, Jonas Buhl"]
[Black "Savchenko, Stanislav"]
[Result "1/2-1/2"]
[WhiteElo "2354"]
[BlackElo "2479"]
[PlyCount "43"]
[EventDate "2017.11.20"]
[EventType "swiss"]
[EventRounds "9"]
[EventCountry "FAI"]
[SourceTitle "CBM 181 Extra"]
[Source "ChessBase"]
[SourceDate "2017.12.12"]
[SourceVersion "1"]
[SourceVersionDate "2017.12.12"]
[SourceQuality "1"]

1. e4 e6 2. d4 d5 3. Nd2 c5 4. exd5 Qxd5 5. Ngf3 cxd4 6. Bc4 Qd7 7. 0-0 Nc6 8. Nb3 a6 9. a4 Bd6 10. Nbxd4 Nge7 11. b3 0-0 12. Bb2 Qc7 13. Nxc6 bxc6 14. Qd2 Nd5 15. Bxd5 cxd5 16. Bxg7 Kxg7 17. Qg5+ Kh8 18. Qf6+ Kg8 19. Qg5+ Kh8 20. Qf6+ Kg8 21. Qg5+ Kh8 22. Qf6+ 1/2-1/2

[Event "Runavik op"]
[Site "Runavik"]
[Date "2017.11.22"]
[Round "4"]
[White "Savchenko, Stanislav"]
[Black "Nihal, Sarin"]
[Result "1/2-1/2"]
[WhiteElo "2479"]
[BlackElo "2487"]
[PlyCount "90"]
[EventDate "2017.11.20"]
[EventType "swiss"]
[EventRounds "9"]
[EventCountry "FAI"]
[SourceTitle "CBM 181 Extra"]
[Source "ChessBase"]
[SourceDate "2017.12.12"]
[SourceVersion "1"]
[SourceVersionDate "2017.12.12"]
[SourceQuality "1"]

1. Nf3 d5 2. d4 Nf6 3. c4 e6 4. Nc3 dxc4 5. e4 Bb4 6. Bg5 c5 7. Bxc4 cxd4 8. Nxd4 Bxc3+ 9. bxc3 Qa5 10. Bb5+ Nbd7 11. Bxf6 Qxc3+ 12. Kf1 gxf6 13. h4 a6 14. Rh3 Qb4 15. Be2 Ne5 16. Rb1 Qd6 17. Qd2 Bd7 18. h5 Nc6 19. Rd3 Nxd4 20. Rxd4 Qh2 21. Ke1 Bc6 22. Rd1 Qc7 23. Kf1 Rc8 24. Kg1 Rg8 25. Qh6 Ke7 26. Qe3 Rgd8 27. f4 Rxd4 28. Rxd4 Rd8 29. e5 fxe5 30. fxe5 Rxd4 31. Qxd4 Qa5 32. Bf3 Bxf3 33. gxf3 Qd5 34. Qf4 Ke8 35. Qf6 Qd3 36. Qh8+ Kd7 37. Qf8 Qe3+ 38. Kg2 Qe2+ 39. Kg1 Qe3+ 40. Kg2 Qg5+ 41. Kf1 Qxh5 42. Qd6+ Kc8 43. Qf8+ Kc7 44. Qd6+ Kc8 45. Qf8+ Kc7 1/2-1/2

[Event "Bundesliga 1718"]
[Site "Germany"]
[Date "2017.10.21"]
[Round "1.2"]
[White "Fressinet, Laurent"]
[Black "Savchenko, Stanislav"]
[Result "1-0"]
[WhiteElo "2657"]
[BlackElo "2477"]
[PlyCount "63"]
[EventDate "2017.10.21"]
[EventType "team-tourn"]
[EventRounds "15"]
[EventCountry "GER"]
[SourceTitle "CBM 181"]
[Source "ChessBase"]
[SourceDate "2017.11.10"]
[SourceVersion "1"]
[SourceVersionDate "2017.11.10"]
[SourceQuality "1"]
[WhiteTeam "Werder Bremen"]
[BlackTeam "Hofheim"]
[WhiteTeamCountry "GER"]
[BlackTeamCountry "GER"]

1. d4 d5 2. c4 c6 3. Nc3 Nf6 4. e3 a6 5. Nf3 e6 6. c5 b6 7. cxb6 Nbd7 8. Bd3 c5 9. 0-0 Bb7 10. b3 Bd6 11. Na4 cxd4 12. exd4 Bc6 13. Bg5 Qb8 14. Nc5 Qxb6 15. Rc1 Bb5 16. Bxf6 Nxf6 17. Ne5 Bxe5 18. dxe5 Nd7 19. Bxb5 axb5 20. Nxd7 Kxd7 21. Qh5 g6 22. Qf3 Rhf8 23. Rc2 Rac8 24. Rxc8 Kxc8 25. a4 b4 26. Rc1+ Kb8 27. h4 h5 28. Qf4 d4 29. Rc4 Rd8 30. Qd2 Ka8 31. Rxb4 Qc7 32. Rxd4 1-0

[Event "Almaty op"]
[Site "Almaty"]
[Date "2016.10.12"]
[Round "7"]
[White "Demianjuk, Alexander"]
[Black "Savchenko, Stanislav"]
[Result "1/2-1/2"]
[WhiteElo "2302"]
[BlackElo "2483"]
[PlyCount "124"]
[EventDate "2016.10.06"]
[EventType "swiss"]
[EventRounds "9"]
[EventCountry "KAZ"]
[SourceTitle "EXT 2017"]
[Source "ChessBase"]
[SourceDate "2016.10.25"]
[SourceVersion "1"]
[SourceVersionDate "2016.10.25"]
[SourceQuality "1"]

1. e4 c5 2. Nf3 d6 3. d4 cxd4 4. Nxd4 Nf6 5. Nc3 a6 6. h3 e5 7. Nde2 h5 8. g3 Be7 9. Bg2 b5 10. Nd5 Nbd7 11. Nec3 Nxd5 12. Nxd5 Nf6 13. Nxe7 Qxe7 14. Bg5 Bb7 15. Qd3 0-0 16. 0-0 Qe6 17. f4 exf4 18. Rae1 Rfe8 19. Bxf6 Qxf6 20. Rxf4 Qxb2 21. Ref1 Re7 22. Qxd6 Rae8 23. Qc5 g6 24. Qg5 Qd4+ 25. R1f2 Qg7 26. Qf6 Qxf6 27. Rxf6 Rc7 28. e5 Bxg2 29. Kxg2 a5 30. Ra6 a4 31. Re2 Rec8 32. Rb6 Rxc2 33. Rxc2 Rxc2+ 34. Kf3 Rxa2 35. Rxb5 Kf8 36. Ra5 Ke7 37. Ra6 a3 38. h4 Kd7 39. Rd6+ Ke7 40. Ra6 Ra1 41. Kg2 a2 42. Kh2 Kd7 43. Kg2 Kc7 44. Kh2 Kb7 45. Ra3 Kb6 46. Kg2 Kb5 47. Ra8 Kb4 48. Rb8+ Kc3 49. Ra8 Rd1 50. Rxa2 Rd2+ 51. Rxd2 Kxd2 52. Kf3 Kd3 53. g4 hxg4+ 54. Kxg4 Kd4 55. e6 fxe6 56. Kg5 e5 57. Kxg6 e4 58. h5 e3 59. h6 e2 60. h7 e1Q 61. h8Q+ Qe5 62. Qxe5+ Kxe5 1/2-1/2

[Event "Almaty op"]
[Site "Almaty"]
[Date "2016.10.07"]
[Round "2"]
[White "Savchenko, Stanislav"]
[Black "Zhalmakhanov, Ramazan"]
[Result "1/2-1/2"]
[WhiteElo "2483"]
[BlackElo "2211"]
[PlyCount "101"]
[EventDate "2016.10.06"]
[EventType "swiss"]
[EventRounds "9"]
[EventCountry "KAZ"]
[SourceTitle "EXT 2017"]
[Source "ChessBase"]
[SourceDate "2016.10.25"]
[SourceVersion "1"]
[SourceVersionDate "2016.10.25"]
[SourceQuality "1"]

1. Nf3 Nf6 2. c4 c6 3. d4 d5 4. e3 a6 5. Bd3 g6 6. 0-0 Bg7 7. Nc3 0-0 8. Bd2 dxc4 9. Bxc4 b5 10. Be2 Nbd7 11. b4 Nb6 12. Ne5 Qd6 13. Rc1 Be6 14. Qc2 Rfc8 15. Rfd1 Bf5 16. e4 Be6 17. Nf3 Qd8 18. e5 Nfd5 19. Ne4 Bf5 20. Nh4 Bxe4 21. Qxe4 e6 22. Nf3 Bf8 23. a3 a5 24. bxa5 Na4 25. Ng5 Nac3 26. Qf3 Nxe2+ 27. Qxe2 Bxa3 28. Nxf7 Qe7 29. Nh6+ Kh8 30. Rb1 Bb4 31. Bxb4 Nxb4 32. Ng4 Nd5 33. Qd2 b4 34. Ra1 Rd8 35. Rdc1 Nc3 36. Rxc3 bxc3 37. Qxc3 Qd7 38. Rd1 Qd5 39. h4 Rxa5 40. Nf6 Qa2 41. Qxc6 Ra7 42. Qb6 Rf8 43. Rc1 Qd2 44. Qxa7 Qxc1+ 45. Kh2 Qf4+ 46. Kh3 Qf5+ 47. Kh2 Qf4+ 48. Kh3 Qf5+ 49. Kh2 Qf4+ 50. Kh3 Qf5+ 51. Kh2 1/2-1/2

[Event "BL2-Sued 1516"]
[Site "Germany"]
[Date "2016.03.13"]
[Round "8.1"]
[White "Predojevic, Borki"]
[Black "Savchenko, Stanislav"]
[Result "1/2-1/2"]
[WhiteElo "2631"]
[BlackElo "2491"]
[PlyCount "90"]
[EventDate "2015.09.20"]
[EventType "team-tourn"]
[EventRounds "9"]
[EventCountry "GER"]
[SourceTitle "EXT 2017"]
[Source "ChessBase"]
[SourceDate "2016.10.25"]
[SourceVersion "1"]
[SourceVersionDate "2016.10.25"]
[SourceQuality "1"]
[WhiteTeam "Schoenaich"]
[BlackTeam "Hofheim"]
[WhiteTeamCountry "GER"]
[BlackTeamCountry "GER"]

1. e4 c5 2. Nf3 d6 3. d4 cxd4 4. Nxd4 Nf6 5. Nc3 a6 6. h3 e5 7. Nde2 h5 8. g3 Be7 9. Bg2 Nbd7 10. a4 b6 11. Bg5 Bb7 12. 0-0 Rc8 13. Re1 0-0 14. Nc1 Re8 15. Nb3 Qc7 16. h4 b5 17. axb5 axb5 18. Nxb5 Qxc2 19. Na5 Ba8 20. b4 d5 21. exd5 Bxb4 22. Nc6 Qc5 23. Nxb4 Qxb5 24. Nc6 Qc5 25. Rc1 Qd6 26. Bd2 Nb6 27. Bb4 Qd7 28. Rxe5 Rxe5 29. Nxe5 Rxc1 30. Qxc1 Qf5 31. Nc6 Nbxd5 32. Ne7+ Nxe7 33. Bxa8 Ned5 34. Be1 g6 35. Bb7 Kg7 36. Qd1 Qe6 37. Bd2 Qb6 38. Ba8 Qa6 39. Bxd5 Nxd5 40. Bh6+ Kxh6 41. Qxd5 Kg7 42. Kg2 Qf6 43. Qe4 Qc3 44. Qd5 Qf6 45. Qe4 Qc3 1/2-1/2

[Event "Algiers op 4th"]
[Site "Algiers"]
[Date "2016.02.26"]
[Round "8"]
[White "Arab, Adlane"]
[Black "Savchenko, Stanislav"]
[Result "0-1"]
[WhiteElo "2465"]
[BlackElo "2484"]
[PlyCount "62"]
[EventDate "2016.02.21"]
[EventType "swiss"]
[EventRounds "9"]
[EventCountry "ALG"]
[SourceTitle "CBM 171 Extra"]
[Source "ChessBase"]
[SourceDate "2016.04.26"]
[SourceVersion "1"]
[SourceVersionDate "2016.04.26"]
[SourceQuality "1"]

1. d4 d5 2. c4 c6 3. Nf3 Nf6 4. e3 a6 5. Bd3 Bg4 6. Nbd2 e6 7. 0-0 Nbd7 8. Qc2 dxc4 9. Qxc4 Bd6 10. b3 e5 11. h3 Bxf3 12. gxf3 exd4 13. f4 dxe3 14. fxe3 Qe7 15. Rf3 g5 16. Bb2 Rg8 17. Ne4 gxf4+ 18. Kh1 Be5 19. Nxf6+ Nxf6 20. Bxe5 Qxe5 21. Re1 0-0-0 22. Qxf4 Qxf4 23. exf4 Kc7 24. Re5 b5 25. Kh2 h6 26. Rf5 Rd6 27. Re3 Kb6 28. Be2 Nd5 29. Rd3 Re6 30. Bf3 f6 31. Rd2 Ne3 0-1

[Event "St Petersburg Academia"]
[Site "St Petersburg"]
[Date "2015.07.21"]
[Round "9"]
[White "Savchenko, Stanislav"]
[Black "Kovalev, Andrei"]
[Result "1/2-1/2"]
[WhiteElo "2501"]
[BlackElo "2491"]
[PlyCount "23"]
[EventDate "2015.07.12"]
[EventType "tourn"]
[EventRounds "9"]
[EventCountry "RUS"]
[EventCategory "8"]
[SourceTitle "EXT 2016"]
[Source "ChessBase"]
[SourceDate "2015.10.08"]
[SourceVersion "1"]
[SourceVersionDate "2015.10.08"]
[SourceQuality "1"]

1. d4 d5 2. c4 dxc4 3. Nf3 Nf6 4. e3 e6 5. Bxc4 c5 6. 0-0 a6 7. dxc5 Qxd1 8. Rxd1 Bxc5 9. Be2 Nbd7 10. b3 b6 11. Bb2 Bb7 12. Nbd2 1/2-1/2

[Event "Algiers Ameyar Memorial 13th"]
[Site "Algiers"]
[Date "2015.06.11"]
[Round "4"]
[White "Savchenko, Stanislav"]
[Black "Malakhatko, Vadim"]
[Result "1/2-1/2"]
[WhiteElo "2521"]
[BlackElo "2507"]
[PlyCount "37"]
[EventDate "2015.06.09"]
[EventType "swiss"]
[EventRounds "9"]
[EventCountry "ALG"]
[SourceTitle "CBM 167 Extra"]
[Source "ChessBase"]
[SourceDate "2015.09.14"]
[SourceVersion "1"]
[SourceVersionDate "2015.09.14"]
[SourceQuality "1"]

1. d4 Nf6 2. c4 e6 3. Nc3 Bb4 4. Qc2 0-0 5. a3 Bxc3+ 6. Qxc3 d5 7. Bg5 dxc4 8. Qxc4 b6 9. Nf3 Ba6 10. Qa4 c5 11. dxc5 bxc5 12. Rd1 Qb6 13. Bxf6 gxf6 14. Rd2 Nc6 15. Qg4+ Kh8 16. Qh4 Kg7 17. Qg4+ Kh8 18. Qh4 Kg8 19. Qg4+ 1/2-1/2

[Event "Algiers Ameyar Memorial 13th"]
[Site "Algiers"]
[Date "2015.06.09"]
[Round "1"]
[White "Mezioud, Amina"]
[Black "Savchenko, Stanislav"]
[Result "0-1"]
[WhiteElo "2091"]
[BlackElo "2521"]
[PlyCount "80"]
[EventDate "2015.06.09"]
[EventType "swiss"]
[EventRounds "9"]
[EventCountry "ALG"]
[SourceTitle "CBM 167 Extra"]
[Source "ChessBase"]
[SourceDate "2015.09.14"]
[SourceVersion "1"]
[SourceVersionDate "2015.09.14"]
[SourceQuality "1"]

1. e4 c5 2. Nf3 d6 3. d4 cxd4 4. Nxd4 Nf6 5. Nc3 a6 6. Be2 e6 7. Be3 Qc7 8. a4 b6 9. f4 Bb7 10. Bf3 Nbd7 11. Nb3 Be7 12. 0-0 0-0 13. Qe2 Rfe8 14. Rfd1 Rac8 15. Rd2 Nc5 16. Nxc5 bxc5 17. Rad1 Nd7 18. Bf2 Nb8 19. Nb1 Nc6 20. Na3 Nd4 21. Bxd4 cxd4 22. Rxd4 Bf6 23. Rc4 Qb6+ 24. Kh1 d5 25. exd5 Bxd5 26. Bxd5 exd5 27. Rxc8 Rxc8 28. c3 Qa5 29. Qg4 Rd8 30. Qf3 Qxa4 31. Rxd5 Re8 32. h3 h6 33. Rd2 Re4 34. c4 Qe8 35. g3 Re3 36. Qf2 h5 37. Nc2 Rb3 38. Na1 Qe4+ 39. Kh2 Rf3 40. Qg2 h4 0-1

[Event "Zeralda Ameyar Memorial 12th"]
[Site "Zeralda"]
[Date "2014.06.25"]
[Round "8"]
[White "Romero Holmes, Alfonso"]
[Black "Savchenko, Stanislav"]
[Result "1-0"]
[WhiteElo "2475"]
[BlackElo "2504"]
[PlyCount "63"]
[EventDate "2014.06.20"]
[EventType "swiss"]
[EventRounds "9"]
[EventCountry "ALG"]
[SourceTitle "CBM 161 Extra"]
[Source "ChessBase"]
[SourceDate "2014.08.29"]
[SourceVersion "1"]
[SourceVersionDate "2014.08.29"]
[SourceQuality "1"]

1. e4 c5 2. Nf3 d6 3. c3 Nf6 4. Be2 g6 5. 0-0 Bg7 6. Bb5+ Bd7 7. Bxd7+ Qxd7 8. Re1 0-0 9. d4 d5 10. e5 Ne4 11. Nbd2 Nxd2 12. Qxd2 cxd4 13. Qxd4 Nc6 14. Qh4 h5 15. h3 Qf5 16. Qf4 Qxf4 17. Bxf4 Nd8 18. Red1 Ne6 19. Be3 Rfd8 20. Rd2 Rd7 21. Rad1 Nc7 22. a4 f6 23. Bd4 b6 24. exf6 exf6 25. Be3 Kf7 26. Nd4 Bf8 27. Nc6 Bc5 28. Bf4 g5 29. Bh2 a5 30. c4 d4 31. Nxd4 Rad8 32. Nc6 1-0

[Event "Zeralda Ameyar Memorial 12th"]
[Site "Zeralda"]
[Date "2014.06.24"]
[Round "7"]
[White "Savchenko, Stanislav"]
[Black "Miladinovic, Igor"]
[Result "1/2-1/2"]
[WhiteElo "2504"]
[BlackElo "2570"]
[PlyCount "60"]
[EventDate "2014.06.20"]
[EventType "swiss"]
[EventRounds "9"]
[EventCountry "ALG"]
[SourceTitle "CBM 161 Extra"]
[Source "ChessBase"]
[SourceDate "2014.08.29"]
[SourceVersion "1"]
[SourceVersionDate "2014.08.29"]
[SourceQuality "1"]

1. d4 d5 2. c4 c6 3. cxd5 cxd5 4. Nf3 Nc6 5. Nc3 Nf6 6. Bf4 Bf5 7. e3 e6 8. Bd3 Bxd3 9. Qxd3 Bd6 10. Bxd6 Qxd6 11. 0-0 0-0 12. Rfc1 Rfc8 13. Ne2 Ne7 14. Rxc8+ Rxc8 15. Rc1 Rxc1+ 16. Nxc1 Qc7 17. Ne2 h6 18. Qc3 Qxc3 19. Nxc3 Nc8 20. Kf1 Kf8 21. Ke2 Ke7 22. Ne5 Nd7 23. Nxd7 Kxd7 24. f3 Nd6 25. Kd3 Kc6 26. b3 b6 27. Ne2 a5 28. a4 b5 29. Nc3 bxa4 30. bxa4 Nc4 1/2-1/2

[Event "Zeralda Ameyar Memorial 12th"]
[Site "Zeralda"]
[Date "2014.06.22"]
[Round "4"]
[White "Amdouni, Zoubaier"]
[Black "Savchenko, Stanislav"]
[Result "0-1"]
[WhiteElo "2333"]
[BlackElo "2504"]
[PlyCount "62"]
[EventDate "2014.06.20"]
[EventType "swiss"]
[EventRounds "9"]
[EventCountry "ALG"]
[SourceTitle "CBM 161 Extra"]
[Source "ChessBase"]
[SourceDate "2014.08.29"]
[SourceVersion "1"]
[SourceVersionDate "2014.08.29"]
[SourceQuality "1"]

1. e4 c5 2. Nf3 d6 3. d4 cxd4 4. Nxd4 Nf6 5. Nc3 a6 6. Bc4 e6 7. Bb3 b5 8. Qf3 Qc7 9. Bg5 Be7 10. 0-0-0 Nbd7 11. Kb1 0-0 12. Qh3 Nc5 13. f3 b4 14. Nce2 a5 15. Nb5 Qb6 16. Bxf6 Bxf6 17. Nxd6 a4 18. Bc4 b3 19. cxb3 axb3 20. a3 Be5 21. Nxc8 Rfxc8 22. f4 Bxb2 23. Rd2 Qa5 24. Rxb2 Qxa3 25. Kc1 Na4 26. Qxb3 Qxb2+ 27. Qxb2 Nxb2 28. Kxb2 Rxc4 29. Rc1 Rb8+ 30. Ka3 Rxe4 31. Rc2 Reb4 0-1

[Event "St Petersburg Krasnoselskaya"]
[Site "St Petersburg"]
[Date "2013.11.07"]
[Round "7"]
[White "Zenzera, Alexey"]
[Black "Savchenko, Stanislav"]
[Result "1/2-1/2"]
[WhiteElo "2409"]
[BlackElo "2506"]
[PlyCount "104"]
[EventDate "2013.11.02"]
[EventType "tourn"]
[EventRounds "9"]
[EventCountry "RUS"]
[EventCategory "7"]
[SourceTitle "EXT 2014"]
[Source "ChessBase"]
[SourceDate "2013.11.20"]
[SourceVersion "1"]
[SourceVersionDate "2013.11.20"]
[SourceQuality "1"]

1. d4 d5 2. c4 c6 3. cxd5 cxd5 4. Nc3 Nf6 5. Bf4 Nc6 6. e3 Bf5 7. Qb3 Na5 8. Qa4+ Bd7 9. Qc2 e6 10. Bd3 Rc8 11. Nf3 Nc6 12. a3 Nh5 13. Bg5 Qa5 14. 0-0 h6 15. Bh4 g5 16. Bg3 Nxg3 17. fxg3 Bg7 18. h4 Qd8 19. Bg6 0-0 20. Bh7+ Kh8 21. hxg5 hxg5 22. Kf2 Bh6 23. Rh1 Kg7 24. Rh5 Rh8 25. Rah1 Rxh7 26. Rxg5+ Kh8 27. Rgh5 Qf6 28. g4 Rg8 29. g5 Qg6 30. Qxg6 Rxg6 31. Rxh6 Rhxh6 32. Rxh6+ Rxh6 33. gxh6 f6 34. e4 Ne7 35. g4 Ng8 36. g5 fxg5 37. exd5 exd5 38. Nxd5 Bc6 39. Ne3 Bxf3 40. Kxf3 Nxh6 41. Ng4 Kg7 42. Nxh6 Kxh6 43. Ke4 Kg6 44. Ke5 a6 45. a4 a5 46. d5 g4 47. Ke6 g3 48. d6 g2 49. d7 g1Q 50. d8Q Qg4+ 51. Kd6 Qxa4 52. Qb6 Kf5 1/2-1/2